Statistics for Oceania: country/territory to subregion

Click here to take the quiz!

General Stats

  • This quiz has been taken 8 times
  • The average score is 14 of 23

Answer Stats

HintAnswer% Correct
Vanuatu
100%
MelanesiaPapua New Guinea
88%
Solomon Islands
88%
Fiji
75%
Kiribati
75%
Tonga
75%
Tuvalu
75%
French Polynesia
63%
Marshall Islands
63%
Niue
63%
Samoa
63%
Tokelau
63%
PolynesiaAmerican Samoa
50%
MicronesiaGuam
50%
Micronesia, Federated States of
50%
Nauru
50%
New Caledonia
50%
New Zealand
50%
Palau
50%
Wallis and Futuna
50%
Cook Islands
38%
Northern Mariana
38%
Pitcairn
25%

Score Distribution

Percentile by Number Answered

Percent of People with Each Score

Your Score History

You have not taken this quiz